All Olympic Hockey Bronze Medal Winners (Women) - Statistics

General Stats
  • This quiz has been taken 35 times
  • The average score is 4 of 5
Answer Stats
Year Location Winner % Correct
2006 Turin, Italy United States of America
94%
2010 Vancouver, Canada Finland
90%
1998 Nagano, Japan Finland
90%
2002 Salt Lake City, USA Sweden
90%
2014 Sochi, Russia Switzerland
61%
No matching quizzes found
Score Distribution
Percent of People with Each Score
Percentile by Number Answered
Your Score History
You have not taken this quiz